000 00860nam a2200241 a 4500
001 000013355
003 DO-SdBNP
005 20250307084335.0
008 091123s1973 sp cao 000 s spa d
040 _aDO-SdBNP
_bspa
_cBNPHU
082 4 _a972.93054
_bB171d,
_222
100 1 _a Balaguer, Joaquín,
_d1906-2002
_976556
245 1 0 _aDiscursos :
_btemas históricos y literarios /
_cJoaquín Balaguer.
260 _aBarcelona :
_bSirvensae,
_c1973.
300 _a298 p. ;
_bilustraciones, fotos y retratos,
_c18 cm.
590 _aInventariado, 2023/BT
600 1 0 _a Balaguer, Joaquín,
_d1906-2002
_xDiscursos
_976556
650 4 _aAutores latinoamericanos
_xHistoria y crítica
_930557
650 4 _aLiteratura latinoamericana
_94717
651 4 _aRepública Dominicana
_xHistoria
_9170
910 _aValidado. Control de calidad MFF
942 _2ddc
_cLBS1
999 _c12982
_d12982